banner koha

Xyris riopretensis (Xyridaceae): uma nova espécie para Minas Gerais, Brasil (Registro n. 329917)

MARC details
000 -LÍDER
fixed length control field 02489nab a2200241 i 4500
003 - CÓDIGO MARC DA AGÊNCIA CATALOGADORA
Campo de controle BR-BrBNA
005 - DATA E HORA DA ÚLTIMA ATUALIZAÇÃO
Campo de controle 20250211133540.0
008 - CAMPO DE TAMANHO FIXO
fixed length control field 250211b2013 bl.qr|pooa||| 00| 0 por |
040 ## - FONTE DA CATALOGAÇÃO
Agência catalogadora BR-BrBNA
Idioma da catalogação por
072 ## - CATEGORIA AGRIS
Código AGRIS F70
100 ## - ENTRADA PRINCIPAL - NOME PESSOAL
Nome pessoal Mota, Nara F.O.
100 ## - ENTRADA PRINCIPAL - NOME PESSOAL
Nome pessoal Wanderley, Maria G.L.
245 ## - TÍTULO PRINCIPAL
Título principal Xyris riopretensis (Xyridaceae): uma nova espécie para Minas Gerais, Brasil
500 ## - NOTA GERAL
Nota geral Publicação on-line; 25 ref.; 2 illus.; Summaries (En, Pt)
942 ## - ADDED ENTRY ELEMENTS (KOHA)
Koha item type Analítica
520 ## - NOTA DE RESUMO
Nota de conteúdo <br/><br/>Resumo<br/><br/>Xyris é um gênero com ca. 400 espécies, distribuídas predominantemente na região tropical, podendo chegar<br/>em áreas temperadas das Américas e Austrália. A Cadeia do Espinhaço concentra grande riqueza de espécies de<br/>Xyris, gênero que figura entre os mais ricos dentre as monocotiledôneas ocorrentes nessa cadeia montanhosa.<br/>Este trabalho apresenta uma nova espécie de Xyris em homenagem à sua localidade tipo, o Parque Estadual<br/>do Rio Preto, localizado no extremo nordeste do Planalto de Diamantina, na Cadeia do Espinhaço (Minas<br/>Gerais). São fornecidas ilustrações dos caracteres diagnósticos, comparação com espécies morfologicamente<br/>relacionadas, assim como informações sobre ecologia e fenologia da nova espécie.<br/><br/>Palavras-chave: campo rupestre, Planalto de Diamantina, Poales, novidade taxonômica, sempre-viva.<br/><br/><br/><br/><br/>Abstract<br/><br/>Xyris is a genus of about 400 species distributed in tropical regions, reaching temperate areas of the Americas<br/>and Australia. The Espinhaço Range concentrates a great wealth of Xyris species; the genus is among the<br/>richest of monocots occurring in these mountains. This paper presents a new species of Xyris named for<br/>its type locality, the State Park of Rio Preto, located in the far northeast of the Diamantina plateau, in the<br/>Espinhaço (Minas Gerais). Illustrations of diagnostic characters, a comparison with morphologically related<br/>species, as well as information on ecology and phenology of the new species are provided.<br/>Key words: campo rupestre, Diamantina plateau, Poales, novelties, evergreen.
650 ## - ASSUNTO - THESAGRO
Cabeçalho tópico ou nome geográfico CAMPO
650 ## - ASSUNTO - THESAGRO
Cabeçalho tópico ou nome geográfico PLANALTO DE DIAMANTINA
650 ## - ASSUNTO - THESAGRO
Cabeçalho tópico ou nome geográfico TAXONOMIA
773 0# - ENTRADA ANALÍTICA
Host Biblionumber 709
Registro do item 348217
Imprenta Rio de Janeiro-RJ Jardim Botanico do Rio de Janeiro 1935
Outro identificador 2025-0706
Título Rodriguésia (Brazil)
ISSN 0370-6583; 2175-7860 on-line
Colação v. 64(3) p. 555-560; (2013)
Número de controle de registro BR2024004115
856 ## - ACESSO E ENDEREÇO ELETRÔNICO
Identificador uniforme de recurso - URI https://www.scielo.br/j/rod/a/8wrbqzb3gDqGTCfrTkv4qgF/?format=pdf&lang=pt

Nenhum exemplar disponível.

BINAGRI

Telefone: (61)3218-2567/2388/3357/2097 - binagri@agro.gov.br

Ministério da Agricultura e Pecuária , Esplanada dos Ministérios, Bloco D, Anexo B, Brasília/DF, CEP: 70.043-900